Statistics for Fast Typing - Days of the Week

Click here to take the quiz!

General Stats

  • This quiz has been taken 33 times
  • The average score is 6 of 7

Answer Stats

Day% Correct
Monday
100%
Tuesday
100%
Sunday
93%
Friday
89%
Wednesday
89%
Saturday
85%
Thursday
81%

Score Distribution

Percentile by Number Answered

Percent of People with Each Score

Your Score History

You have not taken this quiz